| 000 | 01396nam a2200361Ia 4500 | ||
|---|---|---|---|
| 001 | ebr10434935 | ||
| 003 | CaPaEBR | ||
| 006 | m u | ||
| 007 | cr cn||||||||| | ||
| 008 | 090924s2010 mdu sb 001 0 eng d | ||
| 010 | _z 2009038487 | ||
| 020 | _z9780765705778 | ||
| 020 | _z076570577X | ||
| 020 | _z9780765705785 | ||
| 020 | _z0765705788 | ||
| 040 |
_aCaPaEBR _cCaPaEBR |
||
| 035 | _a(OCoLC)694793000 | ||
| 050 | 1 | 4 |
_aBF789.D4 _bS72 2010eb |
| 082 | 0 | 4 |
_a155.9/37 _222 |
| 100 | 1 |
_aStein, Andrew, _d1959- |
|
| 245 | 1 | 0 |
_aLonging for nothingness _h[electronic resource] : _bresistance, denial, and the place of death in the nursing home / _cAndrew Stein. |
| 260 |
_aLanham, Md. : _bJason Aronson, _cc2010. |
||
| 300 | _avii, 189 p. | ||
| 504 | _aIncludes bibliographical references and index. | ||
| 533 |
_aElectronic reproduction. _bPalo Alto, Calif. : _cebrary, _d2011. _nAvailable via World Wide Web. _nAccess may be limited to ebrary affiliated libraries. |
||
| 650 | 0 |
_aDeath _xPsychological aspects. |
|
| 650 | 0 |
_aNursing home patients _xPsychology. |
|
| 650 | 0 |
_aNursing homes _xPsychological aspects. |
|
| 650 | 0 |
_aChronic diseases _xPsychological aspects. |
|
| 655 | 7 |
_aElectronic books. _2local |
|
| 710 | 2 | _aebrary, Inc. | |
| 856 | 4 | 0 |
_uhttp://site.ebrary.com/lib/rucke/Doc?id=10434935 _zAn electronic book accessible through the World Wide Web; click to view |
| 999 |
_c148687 _d148687 |
||